000
00280nam a22001217a 4500
008
160519b xxu||||| |||| 00| 0 eng d
020
_a
9780781794688
020
_a
0781794684
041
_a
eng
080
_a
618.2
245
_a
Nursing research:
_c
Wolters Kluwer;
942
_2
udc
_c
BK
999
_c
2245
_d
2245